[Event "NATO-ch 25th"]
[Site "Quebec"]
[Date "2014.09.09"]
[Round "3"]
[White "Van Rijn, Wouter"]
[Black "Graczyk, Damian"]
[Result "0-1"]
[WhiteElo "2176"]
[BlackElo "2081"]
[PlyCount "134"]
[EventDate "2014.09.08"]
[EventType "team-swiss"]
[EventRounds "7"]
[EventCountry "CAN"]
[SourceTitle "EXT 2015"]
[Source "ChessBase"]
[SourceDate "2014.11.20"]
[SourceVersion "1"]
[SourceVersionDate "2014.11.20"]
[SourceQuality "1"]
[WhiteTeam "Netherlands"]
[BlackTeam "Poland"]
[WhiteTeamCountry "NED"]
[BlackTeamCountry "POL"]

1. Nf3 Nf6 2. d4 e6 3. Bg5 Be7 4. e3 b6 5. Bd3 Bb7 6. Nbd2 0-0 7. 0-0 c5 8. Qe2 h6 9. Bh4 Nd5 10. Bxe7 Qxe7 11. c4 Nb4 12. Bb1 d6 13. Rd1 Nd7 14. dxc5 dxc5 15. Ne4 Rad8 16. a3 Nc6 17. Bc2 Nf6 18. Ng3 e5 19. Nd2 Ba8 20. Nde4 Nxe4 21. Bxe4 g6 22. Qg4 Kh7 23. Qf3 Na5 24. Bxa8 Rxa8 25. Qe4 f5 26. Qc2 Rad8 27. Ne2 Qe6 28. b3 Nc6 29. Nc3 e4 30. Nd5 Ne5 31. a4 Nd3 32. a5 b5 33. f4 b4 34. Qe2 Rd6 35. h3 h5 36. g3 Kg7 37. Kg2 Rh8 38. Rh1 Rxd5 39. cxd5 Qxd5 40. Qc2 c4 41. Qxc4 Qxc4 42. bxc4 Kf7 43. Ra2 Ke7 44. Rb1 Rc8 45. g4 h4 46. gxf5 gxf5 47. a6 Rxc4 48. Ra5 Ke6 49. Rb5 Rc2+ 50. Kg1 Ra2 51. Rb7 Rxa6 52. Rh7 Kd5 53. Rd7+ Ke6 54. Rh7 Ra3 55. Rxh4 b3 56. Rh8 b2 57. Rb8 Rc3 58. R8xb2 Nxb2 59. Rxb2 Rxe3 60. Ra2 Rxh3 61. Ra6+ Kf7 62. Rxa7+ Kg6 63. Ra2 Rf3 64. Rg2+ Kf6 65. Rf2 Rxf2 66. Kxf2 Ke6 67. Ke2 Kd5 0-1

[Event "NATO-ch 24th"]
[Site "Rynia"]
[Date "2013.08.14"]
[Round "4"]
[White "Graczyk, Damian"]
[Black "De Waard, Marco"]
[Result "1-0"]
[WhiteElo "1991"]
[BlackElo "2098"]
[PlyCount "93"]
[EventDate "2013.08.12"]
[EventType "swiss"]
[EventRounds "7"]
[EventCountry "POL"]
[SourceTitle "CBM 156 Extra"]
[Source "ChessBase"]
[SourceDate "2013.10.22"]
[SourceVersion "1"]
[SourceVersionDate "2013.10.22"]
[SourceQuality "1"]

1. d4 d5 2. Nf3 Nf6 3. g3 c5 4. Bg2 Nc6 5. 0-0 cxd4 6. Nxd4 e5 7. Nb3 Be7 8. Bg5 Be6 9. Nc3 d4 10. Na4 Nd5 11. Bxe7 Qxe7 12. c3 Rd8 13. cxd4 Qb4 14. Nac5 exd4 15. Rc1 Nde7 16. Nxe6 fxe6 17. Nc5 Rd6 18. Bh3 Nd8 19. e4 0-0 20. a3 Qxb2 21. Rb1 Qc3 22. Nxb7 Rc6 23. Rb3 Qc2 24. Qxc2 Rxc2 25. Nxd8 Rxd8 26. Bxe6+ Kf8 27. Rd1 Rc6 28. Rf3+ Ke8 29. Bf7+ Kf8 30. e5 Rc5 31. Bb3+ Ke8 32. Ba4+ Nc6 33. Rfd3 Ke7 34. Bxc6 Rxc6 35. Rxd4 Rxd4 36. Rxd4 Rc5 37. Rb4 Rxe5 38. Rb7+ Kf6 39. Rxa7 Re2 40. Kg2 Ra2 41. g4 g5 42. Kg3 h6 43. Ra6+ Kg7 44. f3 Ra1 45. h4 Ra2 46. hxg5 hxg5 47. f4 1-0

[Event "NATO-ch 24th"]
[Site "Rynia"]
[Date "2013.08.13"]
[Round "3"]
[White "Nielsen, Jan Mose"]
[Black "Graczyk, Damian"]
[Result "1/2-1/2"]
[WhiteElo "2081"]
[BlackElo "1991"]
[PlyCount "61"]
[EventDate "2013.08.12"]
[EventType "swiss"]
[EventRounds "7"]
[EventCountry "POL"]
[SourceTitle "CBM 156 Extra"]
[Source "ChessBase"]
[SourceDate "2013.10.22"]
[SourceVersion "1"]
[SourceVersionDate "2013.10.22"]
[SourceQuality "1"]

1. e4 c6 2. d4 d5 3. e5 Bf5 4. Nc3 e6 5. g4 Bg6 6. Nge2 Ne7 7. Nf4 Nd7 8. h4 h5 9. Nxg6 Nxg6 10. gxh5 Ne7 11. Bg5 Qb6 12. Qd2 f6 13. exf6 gxf6 14. Be3 Rxh5 15. 0-0-0 0-0-0 16. Be2 Rh8 17. Na4 Qc7 18. Bg4 Nf5 19. Bxf5 exf5 20. Nc3 Bd6 21. Ne2 Rde8 22. Rh3 Re4 23. Rf3 Nb6 24. Rxf5 Nc4 25. Qd3 Qb6 26. Qb3 Qxb3 27. axb3 Nxe3 28. fxe3 Rxe3 29. Kd2 Rhe8 30. Nc3 Rh3 31. Rxf6 1/2-1/2

[Event "Rewal op-B 16th"]
[Site "Rewal"]
[Date "2011.08.27"]
[Round "8"]
[White "Graczyk, Damian"]
[Black "Stankowski, Aleksander"]
[Result "1/2-1/2"]
[WhiteElo "1991"]
[BlackElo "1863"]
[PlyCount "63"]
[EventDate "2011.08.18"]
[EventType "swiss"]
[EventRounds "9"]
[EventCountry "POL"]
[SourceTitle "CBM 144 Extra"]
[Source "ChessBase"]
[SourceDate "2011.10.28"]
[SourceVersion "1"]
[SourceVersionDate "2011.10.28"]
[SourceQuality "1"]

1. d4 Nf6 2. Nf3 g6 3. g3 Bg7 4. Bg2 0-0 5. 0-0 d6 6. h3 Nc6 7. c4 Bf5 8. Nc3 Ne4 9. Be3 Qd7 10. Kh2 Na5 11. Nxe4 Bxe4 12. Rc1 c5 13. b3 Nc6 14. d5 Nb4 15. Qd2 b5 16. a3 Na6 17. Bh6 Rfb8 18. Bxg7 Bxf3 19. Bxf3 Kxg7 20. cxb5 Qxb5 21. Rc4 Qxb3 22. Rh4 h5 23. Bxh5 Qb2 24. Qd3 Nc7 25. Bf3 Qe5 26. Rb1 Nb5 27. Bg2 Nd4 28. e3 Qf5 29. Qc3 Rb3 30. Qa1 Qxf2 31. Rf4 Qxe3 32. Re4 1/2-1/2

[Event "Gdansk op 12th "]
[Site "Gdansk"]
[Date "2010.07.24"]
[Round "9"]
[White "Graczyk, Damian"]
[Black "Kurzepa, Bartlomiej"]
[Result "1-0"]
[WhiteElo "1893"]
[BlackElo "1634"]
[PlyCount "117"]
[EventDate "2010.07.17"]
[EventType "swiss"]
[EventRounds "9"]
[EventCountry "POL"]
[SourceTitle "EXT 2011"]
[Source "ChessBase"]
[SourceDate "2010.11.26"]
[SourceVersion "1"]
[SourceVersionDate "2010.11.26"]
[SourceQuality "1"]

1. g3 Nf6 2. d4 d5 3. Bg2 c6 4. Nf3 h6 5. 0-0 Bf5 6. c4 e6 7. Nc3 Bd6 8. Ne5 Nbd7 9. Bf4 Qb8 10. cxd5 exd5 11. Nxd7 Bxd7 12. Bxd6 Qxd6 13. f3 0-0 14. e4 dxe4 15. fxe4 Qb4 16. Qd2 Rad8 17. a3 Qa5 18. b4 Qb6 19. Na4 Qc7 20. Rac1 Bc8 21. Nc5 Rfe8 22. Rfe1 b6 23. Nb3 Be6 24. d5 Qd7 25. dxe6 Qxd2 26. exf7+ Kxf7 27. Nxd2 Rxd2 28. Rxc6 Ra2 29. Rc7+ Re7 30. Rxe7+ Kxe7 31. e5 Nd7 32. Re3 g5 33. Bf3 Ke6 34. Bg4+ Ke7 35. h4 gxh4 36. gxh4 Rd2 37. e6 Nf6 38. Bh3 Rd4 39. Rg3 Rxh4 40. Rg7+ Kd6 41. Kg2 a5 42. bxa5 bxa5 43. Rf7 Rxh3 44. Kxh3 Kxe6 45. Ra7 Kd5 46. Rxa5+ Kc4 47. Ra6 Nd7 48. Rd6 Nc5 49. Rb6 Nd7 50. Rb4+ Kc5 51. Kh4 Nf6 52. Rb1 Nd5 53. Kh5 Nb6 54. Kxh6 Nc4 55. a4 Nd2 56. Rb8 Nc4 57. Kg5 Nd6 58. a5 Kc6 59. a6 1-0

[Event "Gdansk op 12th "]
[Site "Gdansk"]
[Date "2010.07.20"]
[Round "5"]
[White "Graczyk, Damian"]
[Black "Zielinski, Stanislaw"]
[Result "0-1"]
[WhiteElo "1893"]
[BlackElo "2138"]
[PlyCount "72"]
[EventDate "2010.07.17"]
[EventType "swiss"]
[EventRounds "9"]
[EventCountry "POL"]
[SourceTitle "EXT 2011"]
[Source "ChessBase"]
[SourceDate "2010.11.26"]
[SourceVersion "1"]
[SourceVersionDate "2010.11.26"]
[SourceQuality "1"]

1. d4 Nf6 2. Nf3 g6 3. g3 Bg7 4. Bg2 0-0 5. 0-0 d6 6. c4 Nbd7 7. Nc3 c6 8. h3 e5 9. e4 Qe7 10. Re1 Re8 11. Be3 h6 12. Qd2 Kh7 13. Rad1 Nf8 14. dxe5 dxe5 15. c5 Nh5 16. g4 Nf4 17. Bxf4 exf4 18. Qxf4 Ne6 19. Qd6 Nxc5 20. e5 Be6 21. b4 Na6 22. b5 Nb4 23. a4 Qxd6 24. Rxd6 Nd5 25. Ne4 cxb5 26. axb5 Rac8 27. Rxd5 Bxd5 28. Nd6 Bxf3 29. Bxf3 Rxe5 30. Rb1 Rc3 31. Bxb7 Re2 32. Rb4 Be5 33. Nc4 Bd4 34. Nd6 Rc1+ 35. Kg2 Rxf2+ 36. Kg3 Rg1+ 0-1

[Event "Gdansk op 12th "]
[Site "Gdansk"]
[Date "2010.07.18"]
[Round "3"]
[White "Graczyk, Damian"]
[Black "Marszk, Kazimierz"]
[Result "1-0"]
[WhiteElo "1893"]
[BlackElo "2111"]
[PlyCount "91"]
[EventDate "2010.07.17"]
[EventType "swiss"]
[EventRounds "9"]
[EventCountry "POL"]
[SourceTitle "EXT 2011"]
[Source "ChessBase"]
[SourceDate "2010.11.26"]
[SourceVersion "1"]
[SourceVersionDate "2010.11.26"]
[SourceQuality "1"]

1. d4 Nf6 2. Nf3 e6 3. g3 c5 4. Bg2 Nc6 5. 0-0 d5 6. dxc5 Bxc5 7. c4 0-0 8. cxd5 Qxd5 9. Nc3 Qxd1 10. Rxd1 e5 11. Na4 Be7 12. Be3 Bg4 13. h3 Be6 14. Bc5 Rfe8 15. b4 Bc4 16. e3 b5 17. Nd2 Bd5 18. Nc3 Bxg2 19. Kxg2 a6 20. Bxe7 Rxe7 21. a3 Rc8 22. Nde4 Nxe4 23. Nxe4 f5 24. Nd6 Rf8 25. Rac1 Nd8 26. Nxf5 Ref7 27. g4 h5 28. Rc8 Nb7 29. Rc6 Kh7 30. Rd2 a5 31. Rb6 axb4 32. axb4 Ra8 33. Rxb5 g6 34. Ng3 h4 35. Ne4 Re7 36. Rdd5 Ra4 37. Nf6+ Kg7 38. g5 e4 39. Re5 Rf7 40. Re8 Rc7 41. Nxe4 Ra2 42. Rb6 Rd7 43. Nf6 Rc7 44. Rg8+ Kf7 45. Rh8 Rcc2 46. Rxb7+ 1-0